| Tag |
First Indicator |
Second Indicator |
Subfields |
| LEADER |
00000cam a2200000 i 4500 |
| 001 |
in00000200084 |
| 005 |
20151009052637.0 |
| 008 |
790702s1979 nyuaf b 00010 eng |
| 010 |
|
|
|a 78073313
|
| 020 |
|
|
|a 0682492965 :
|c $6.00
|
| 035 |
|
|
|a (OCoLC)05195265
|
| 035 |
|
|
|9 AAW1464AM
|
| 040 |
|
|
|a DLC
|c DLC
|d TXA
|d UtOrBLW
|
| 041 |
1 |
|
|a eng
|a spa
|
| 043 |
|
|
|a s-ck---
|
| 049 |
|
|
|a TXAM
|c [1189925]
|
| 050 |
0 |
0 |
|a F2520.1.T925
|b M413 1979
|
| 082 |
0 |
|
|a 980/.004/98
|
| 100 |
1 |
|
|a Medina Téllez, Gabriel.
|
| 245 |
1 |
0 |
|a Arara, capital of the Ticuna Indians of the Colombian Amazon /
|c Gabriel Medina Tellez ; translated by Sharon L. Swenny.
|
| 250 |
|
|
|a 1st ed.
|
| 264 |
|
1 |
|a Hicksville, N.Y. :
|b Exposition Press,
|c [1979]
|
| 264 |
|
4 |
|c ©1979
|
| 300 |
|
|
|a 64 pages, 4 unnumbered leaves of plates :
|b illustrations ;
|c 21 cm.
|
| 336 |
|
|
|a text
|b txt
|2 rdacontent
|
| 337 |
|
|
|a unmediated
|b n
|2 rdamedia
|
| 338 |
|
|
|a volume
|b nc
|2 rdacarrier
|
| 490 |
0 |
|
|a An Exposition-University book
|
| 500 |
|
|
|a A revised translation of the author's El ocaso Ticuna.
|
| 504 |
|
|
|a Bibliography: pages 62-64.
|
| 650 |
|
0 |
|a Tucuna Indians.
|
| 999 |
|
|
|a MARS
|
| 999 |
f |
f |
|s 79831e0e-e82f-3ecb-8783-dd51ced6d492
|i 2d87d36e-a373-3f4a-aad4-d51e8ffa387b
|t 0
|
| 952 |
f |
f |
|p ric
|a Texas A&M University
|b Rellis Campus
|c Joint Library Facility
|d Remote Storage
|t 0
|e F2520.1.T925 M413 1979
|h Library of Congress classification
|i unmediated -- volume
|m A14802368087
|
| 998 |
f |
f |
|a F2520.1.T925 M413 1979
|t 0
|l Remote Storage
|